| 000 | 01154nam a2200301 a 4500 | ||
|---|---|---|---|
| 001 | 000033377 | ||
| 003 | DO-SdBNP | ||
| 005 | 20250318152709.0 | ||
| 008 | 101011s1965 mx 000 0 spa d | ||
| 040 |
_aDO-SdBNP _bspa _cBNPHU |
||
| 049 | _aBNPD | ||
| 082 |
_a970.016 _bC335h, 1965 |
||
| 100 | 1 |
_aCasas, Bartolomé de las _946241 |
|
| 245 | 1 | 0 |
_aHistoria de las Indias / _cFray Bartolomé de las Casas ; edición de Agustín Millares Carlo. |
| 250 | _a2ª ed. | ||
| 260 |
_aMéxico : _bFondo de Cultura Económica, _c1965. |
||
| 300 |
_a3 v. ; _c22 cm. |
||
| 490 | 1 |
_aBiblioteca Americana _aCrónistas de Indias |
|
| 500 | _a"Biblioteca América proyectada por Pedro Henríquez Ureña y publicada en memoria suya" | ||
| 600 | 0 |
_aCOLÓN, CRISTOBAL, _d1436-1456 _919795 |
|
| 650 | 4 |
_aTrato a los indígenas _zAmérica Latina _918560 |
|
| 651 | 4 |
_aAmérica -- _xDescubrimiento y exploración -- _xEspañoles _9544 _vEnsayo, conferencias, etc. |
|
| 651 | 4 |
_aEspaña _xColonias _zAmérica _958954 |
|
| 700 | 1 | 2 |
_aMillares Carlo, Agustín _9546 |
| 830 | 0 |
_aBiblioteca América _913700 |
|
| 910 | _aValidado. Control de calidad MFF | ||
| 942 |
_2ddc _cLBS1 |
||
| 999 |
_c32868 _d32868 |
||